Globalizar la solidaridad (Record no. 217390)
[ view plain ]
| 000 -CABECERA | |
|---|---|
| Campo de control de longitud fija | 00656naa a22001217u 4500 |
| 008 - CÓDIGOS DE INFORMACIÓN DE LONGITUD FIJA | |
| Campo de control de longitud fija | 130517b2002 xxu||||| |||| 00| 0 spa d |
| 040 ## - FUENTE DE LA CATALOGACIÓN | |
| Centro catalogador del origen | SPA |
| 100 1# - PUNTO DE ACCESO PRINCIPAL-NOMBRE DE PERSONA | |
| Nombre de persona | Cociña y Abella, Manuel José |
| 9 (RLIN) | 5706 |
| 245 00 - MENCIÓN DE TÍTULO | |
| Título | Globalizar la solidaridad |
| 300 ## - DESCRIPCIÓN FÍSICA | |
| Extensión | 17-20 p. |
| Dimensiones | 23 cm. |
| 773 0# - ENLACE AL DOCUMENTO FUENTE | |
| Título | Vivir en un mundo globalizado:XI Simposio de Historia de la Iglesia en España y América. Academia de Historia Eclesiástica, Sevilla, 22 de mayo de 2000 |
| Encabezamiento principal | CASTAÑEDA DELGADO, Paulino; COCIÑA Y ABELLA, Manuel José;AMIGO VALLEJO, Carlos; CASTILLEJO GORRAIZ, Miguel |
| Lugar, editor y fecha de publicación | Cordoba,Publicaciones Obra Social y Cultural CajaSur,2002, |
| Parte(s) relacionada(s) | págs. 17-20 |
| Número Internacional Normalizado para Libros (ISBN) | 84-7959-431-4, |
| Número de control del registro relacionado | 71890 |
| 942 ## - ENTRADA DE ELEMENTOS AGREGADOS (KOHA) | |
| Koha [por defecto] tipo de item | Artículo de colaboración |
| Suprimido | Perdido | Estropeado | No para préstamo | Localización permanente | Localización actual | Localización en estantería | Fecha adquisición | Préstamos totales | Signatura completa | Fecha última consulta | Fecha del precio de reemplazo | Tipo de item de Koha |
|---|---|---|---|---|---|---|---|---|---|---|---|---|
| San Esteban | San Esteban | Depósito de libros | 21/05/2013 | 301 GLO cast | 21/05/2013 | 21/05/2013 | Artículo de colaboración |
